000 00277nam a22001217a 4500
008 180927b xxu||||| |||| 00| 0 eng d
041 _aeng
080 _a030
100 _a23
101 _aENC
245 _aThe Encyclopedia Of Common Disease
_cCerras.CH
942 _2udc
_cBK
999 _c48535
_d48535